| 000 | 00663nam a2200217 a 4500 | ||
|---|---|---|---|
| 008 | |||
| 049 | _aMAIN | ||
| 090 |
_aHC59.T517 _bUNI |
||
| 100 | 1 | _aUNITAR | |
| 245 | 1 | 0 |
_aInstitutional framework fro public sector borrowing/ _cby United Nations Institute for Training and Research (UNITAR). |
| 260 |
_a28 p. ; _c24 cm. |
||
| 260 |
_aGeneva : _bUNITAR, _c2002. |
||
| 490 | _aDocument No. 17 | ||
| 650 | 1 | _aPublic sector borrowing | |
| 650 | _aUNITAR institutional framework. | ||
| 907 |
_a.b10358687 _b24-08-15 _c31-07-15 |
||
| 003 | |||
| 005 | 20230123122140.0 | ||
| 040 | _cNUST | ||
| 942 |
_cBOOKS _kHC59.T517 _mUNI |
||
| 999 |
_c128637 _d128637 |
||